Tratado de histología (Registro nro. 13240)
[ vista simple ]
| 000 -CABECERA | |
|---|---|
| Longitud fija campo de control | 00917nam a22002775b 4500 |
| 001 - NÚMERO DE CONTROL | |
| Número de control | bimo0000459809 |
| 003 - IDENTIFICADOR DELl NÚMERO DE CONTROL | |
| Identificador del número de control | OSt |
| 005 - FECHA Y HORA DE LA ÚLTIMA TRANSACCIÓN | |
| Fecha y hora de la última transacción | 20140827113720.0 |
| 008 - CÓDIGOS DE INFORMACIÓN DE LONGITUD FIJA | |
| Códigos de información de longitud fija | 951123s1995 sp | ||| ||spa |
| 020 ## - NÚMERO INTERNACIONAL NORMALIZADO PARA LIBROS | |
| Número Internacional Normalizado para Libros (ISBN) | 968-25-2450-4 |
| 040 ## - FUENTE DE LA CATALOGACIÓN | |
| Centro transcriptor | BMC |
| 082 ## - NÚMERO DE LA CLASIFICACIÓN DECIMAL DEWEY | |
| Númeroo de clasificación | 611.018 |
| 100 1# - PUNTO DE ACCESO PRINCIPAL-NOMBRE DE PERSONA | |
| Nombre de persona | Fawcett, Don Wayne |
| 9 (RLIN) | 24432 |
| 245 10 - MENCIÓN DE TÍTULO | |
| Título | Tratado de histología |
| Mención de responsabilidad, etc. | Don W. Fawcett, William Bloom ; [traducción, Santiago Madero, Beatriz Serrano, Pilar Camps] |
| 250 ## - MENCIÓN DE EDICIÓN | |
| Mención de edición | 1ª ed., 2ª reimp |
| 260 ## - PUBLICACIÓN, DISTRIBUCIÓN, ETC. (PIE DE IMPRENTA) | |
| Lugar de publicación, distribución, etc. | Madrid |
| Nombre del editor, distribuidor, etc. | McGraw-Hill, Interamericana de España |
| Fecha de publicación, distribución, etc. | D.L. 1995 |
| 300 ## - DESCRIPCIÓN FÍSICA | |
| Extensión | XXII, 1044 p. |
| Otras características físicas | il. |
| Dimensiones | 25 cm |
| 505 ## - NOTA DE CONTENIDO CON FORMATO | |
| Nota de contenido con formato | Precede al tít.: Bloom, Fawcett |
| 594 ## - NOTA AL TÍTULO Y MENCIÓN DE RESPONSABIBLIDAD | |
| Nota Al Título Y Mención De Responsabilidad | Traducción de la 12ª ed. de: A textbook of histology |
| 650 24 - PUNTO DE ACCESO ADICIONAL DE MATERIA - TÉRMINO DE MATERIA | |
| Término de materia o nombre geográfico como elemento inicial | Histología |
| 9 (RLIN) | 7970 |
| 700 1# - PUNTO DE ACCESO ADICIONAL - NOMBRE DE PERSONA | |
| Nombre de persona | Serrano, Beatriz |
| 9 (RLIN) | 24434 |
| 700 1# - PUNTO DE ACCESO ADICIONAL - NOMBRE DE PERSONA | |
| Nombre de persona | Camps, P. |
| 9 (RLIN) | 24159 |
| 700 1# - PUNTO DE ACCESO ADICIONAL - NOMBRE DE PERSONA | |
| 9 (RLIN) | 24265 |
| Nombre de persona | Madero García, Santiago |
| 700 1# - PUNTO DE ACCESO ADICIONAL - NOMBRE DE PERSONA | |
| 9 (RLIN) | 24433 |
| Nombre de persona | Bloom, William |
| 942 ## - ENTRADA DE ELEMENTOS AGREGADOS (KOHA) | |
| Fuente de clasificaión o esquema | Dewey Decimal Classification |
| Koha [por defecto] tipo de item | 1- Monografias |
| Suprimido | Perdido | Fuente de clasificación o esquema | Estropeado | Restricciones de uso | No para préstamo | Código de colección | Localización permanente | Localización actual | Localización en estanter&íacute;as | Fecha adquisición | Fuente de adquisición | Número de inventario | Préstamos totales | Signatura completa | Código de barras | Fecha última consulta | Fecha último préstamo | Coste, precio reemplazado | Fecha del precio de reemplazo | Tipo de item de Koha | Renovaciones totales |
|---|---|---|---|---|---|---|---|---|---|---|---|---|---|---|---|---|---|---|---|---|---|
| NULL | NULL | Dewey Decimal Classification | NULL | Prestable | NULL | NULL | Biblioteca Miguel de Cervantes - UNICAES | Biblioteca Miguel de Cervantes - UNICAES | Sala Principal | 26/08/2014 | Donación - Facultad de Ciencias y Humanidades | 021002 | 5 | 611.018 FAW tra | 1021359 | 22/02/2024 | 19/02/2024 | 43.20 | 26/08/2014 | 1- Monografias | |
| NULL | NULL | Dewey Decimal Classification | NULL | Prestable | NULL | NULL | Biblioteca Miguel de Cervantes - UNICAES | Biblioteca Miguel de Cervantes - UNICAES | Sala Principal | 26/08/2014 | Donación - Facultad de Ciencias y Humanidades | 021003 | 11 | 611.018 FAW tra | 1021360 | 04/04/2024 | 23/03/2024 | 43.20 | 26/08/2014 | 1- Monografias | 1 |